000 00348pam a2200145 a 4500
020 _c
041 _h
082 _a750
_bJOR
100 _aSteve Jordan/ Judy Ostrow.
245 _aPainting Kichens
_bEmbroidered Butterfiles
_hTextual Documents
250 _a2004.
260 _a[s.l]:
_bApple Rockport
300 _a128:
_bpaper.
930 _a2953
999 _c236743
_d236743